Catalog

Record Details

Catalog Search



DNA Nanotechnology From Structure to Function  Cover Image E-book E-book

DNA Nanotechnology From Structure to Function

Fan, Chunhai. (editor.). SpringerLink (Online service) (Added Author).

Record details

  • ISBN: 9783642360770
  • Physical Description: electronic
    electronic resource
    access
    remote
    VIII, 362 p. 180 illus., 72 illus. in color. online resource.
  • Publisher: Berlin, Heidelberg : Springer Berlin Heidelberg : Imprint: Springer, 2013.
Subject: Biotechnology
Nucleic acids
Nanotechnology
Materials Science
Nanotechnology
Biotechnology
Nucleic Acid Chemistry
Nanoscale Science and Technology

Electronic resources


LDR 01519nam a22004215i 4500
00133365
003CONS
00520130727075131.0
007cr nn 008mamaa
008130321s2013 gw | s |||| 0|eng d
020 . ‡a9783642360770 ‡9978-3-642-36077-0
0247 . ‡a10.1007/978-3-642-36077-0 ‡2doi
035 . ‡a(DE-He213)978-3-642-36077-0
050 4. ‡aT174.7
050 4. ‡aTA418.9.N35
072 7. ‡aTBN ‡2bicssc
072 7. ‡aTEC027000 ‡2bisacsh
072 7. ‡aSCI050000 ‡2bisacsh
1001 . ‡aFan, Chunhai. ‡eeditor.
24510. ‡aDNA Nanotechnology ‡h[electronic resource] : ‡bFrom Structure to Function / ‡cedited by Chunhai Fan.
264 1. ‡aBerlin, Heidelberg : ‡bSpringer Berlin Heidelberg : ‡bImprint: Springer, ‡c2013.
300 . ‡aVIII, 362 p. 180 illus., 72 illus. in color. ‡bonline resource.
336 . ‡atext ‡btxt ‡2rdacontent
337 . ‡acomputer ‡bc ‡2rdamedia
338 . ‡aonline resource ‡bcr ‡2rdacarrier
347 . ‡atext file ‡bPDF ‡2rda
650 0. ‡aBiotechnology.
650 0. ‡aNucleic acids.
650 0. ‡aNanotechnology.
65014. ‡aMaterials Science.
65024. ‡aNanotechnology.
65024. ‡aBiotechnology.
65024. ‡aNucleic Acid Chemistry.
65024. ‡aNanoscale Science and Technology.
7102 . ‡aSpringerLink (Online service)
7730 . ‡tSpringer eBooks
77608. ‡iPrinted edition: ‡z9783642360763
85640. ‡uhttp://biblioteca.ipicyt.edu.mx:2048/login?url=http://dx.doi.org/10.1007/978-3-642-36077-0 ‡yTexto completo ‡9CONS
950 . ‡aChemistry and Materials Science (Springer-11644)
901 . ‡a33365 ‡b ‡c33365 ‡tbiblio ‡sSystem Local

Additional Resources